00507nam a2200157Ia 450000500170000000800410001708200130005810000170007124500120008826000390010030000130013950000770015294200060022995200990023599900150033420250311080839.0240331s9999 xx 000 0 und d bBALa894 aBalendran, M 0aSigaram bChennaiaGeetham Publicationc2005 a304 p ., aA Novel about upcountry Peoples life and Importance of Women's Education cL 001040708LaWERCLbWERCLcSSCd2024-03-31l0o 894.811 BALp5617r2024-03-31w2024-03-31yL c4319d4319